| 000 | 01117nam a22002537a 4500 | ||
|---|---|---|---|
| 005 | 20240305165523.0 | ||
| 007 | cr|||| |||| | ||
| 008 | 190613s2019 mx |||||s|||| 00||0 spa d | ||
| 020 | _a978-607-541-108-8 | ||
| 035 | _a23111 | ||
| 040 | _avLex | ||
| 090 |
_c8875 _d8875 |
||
| 100 | 1 | _aDomínguez Orozco, Jaime | |
| 245 | 1 | 0 |
_aSociedades y asociaciones civiles 2019 _h[Recurso electrónico] / _cJaime Domínguez Orozco, Cuauhtémoc Reséndiz Núnez |
| 256 | _aServicio en línea | ||
| 260 |
_aCiudad de México: _bEdiciones Fiscales ISEF, _c2019 |
||
| 300 | _a1 recurso electrónico | ||
| 506 | 1 |
_aDisponible solo en los productos indicados _dvLex Global _dvLex Global (Academic Edition, excluding Law Schools) _dvLex Global (U.S. Academic Edition, Law Schools) _dvLex Global (U.S. Academic Edition, excluding Law Schools) _dvLex Global (Academic Edition, Law Schools) |
|
| 650 | 0 | 4 |
_aDerecho Fiscal _zMéxico |
| 700 | 1 | _aReséndiz Núnez, Cuauhtémoc | |
| 740 | 0 | _avLex Libros (Servicio en línea) | |
| 856 | 4 | 0 | _uhttps://app.vlex.com/#/sources/sociedades-y-asociaciones-civiles-2019-23111 |
| 942 | _cRAA | ||
| 999 |
_c167112 _d167112 |
||